000 00276nam a22001097a 4500
999 _c259462
_d259461
008 220928b xxu||||| |||| 00| 0 eng d
020 _a9780062366979
050 _b20190370
100 _aErin Hunter
245 _aWarriors
260 _aNew York
_bHarper collins Publishers
_c2003